| 000 | 00961nam a2200253 a 4500 | ||
|---|---|---|---|
| 001 | 000038619 | ||
| 005 | 20201002031319.0 | ||
| 008 | 130416s2012 dr a 001 0 spa d | ||
| 020 | _a9789945472110 | ||
| 040 |
_aDO-SdBNP _bspa _cBNPHU |
||
| 082 |
_a618.92804 _bF359m |
||
| 100 | 1 |
_aFermín Víctor, Sonia C. _964949 |
|
| 245 | 1 | 0 |
_aManejo de la hidrocefalia infantil : _besperanzas y desilusiones / _cSonia Fermín Víctor. |
| 260 |
_aSanto Domingo : _bINTEC, _c2012. |
||
| 300 |
_a163 p. : _bils. ; _c25 cm. |
||
| 500 | _aIncluye datos biográficos de la autora en las solapas | ||
| 504 | _aIncluye referencias bibliográficas al final de los capítulos. | ||
| 590 | _aInventariado,2018/DG | ||
| 650 | 4 |
_aHidrocefalia en niños _964950 |
|
| 650 | 4 |
_aNeurología pediátrica _964951 |
|
| 650 | 4 |
_aNiños con daño cerebral _964952 |
|
| 719 | 2 | 2 | _aInstituto Tecnológico de Santo Domingo (República Dominicana) |
| 910 | _aValidado. Control de calidad EMS | ||
| 999 |
_c38109 _d38109 |
||